Arten von Bären - Statistiken

Allgemein
  • Dieses Quiz wurde 154 mal gespielt
  • Das Durchschnittsergebnis liegt bei 13 aus 20
Antwortstatistiken
Bildquiz Antwort % Korrekt
Eisbär/Polarbär
100%
Braunbär
99%
Panda
98%
Gummibär
96%
Schwarzbär
95%
Teddybär
93%
Ameisenbär/Nasenbär (‡)
91%
Koala (‡)
91%
Waschbär
90%
Grizzlybär/Graubär
72%
Seebär (‡)
72%
Kleiner Panda
53%
Puh Bär/Winnie Puh
50%
Brillenbär
47%
Kragenbär
41%
Lippenbär
33%
Malaienbär/Sonnenbär
28%
Höhlenbär (†)
26%
Kurznasenbär (†)
8%
Bärenspinner (‡)
5%
Keine übereinstimmenden Quizze gefunden
Verteilung der Resultate
Anzahl Personen mit jedem Resultat
Perzentil nach korrekt beantworteten Fragen
Ihre Resultats-Entwicklung
Sie haben dieses Quiz noch nicht gespielt